000 00315nam a22001337a 4500
008 170307b xxu||||| |||| 00| 0 eng d
020 _a0721623387
041 _aeng
080 _22ND
_a611
100 _a6
101 _aSHM
245 _aSMITH'S RECOGNIZABLE PATTERNS OF HUMAN DEFORMATION
_cGRAHAM
942 _2udc
_cBK
999 _c7012
_d7012